Подробности
| 000 -МАРКЕР |
| контрольное поле |
03040nam0a2200385 4500 |
| 001 - ИДЕНТИФИКАТОР ЗАПИСИ |
| контрольное поле |
RU\NLR\BIBL_A\016251478 |
| 005 - ИДЕНТИФИКАТОР ВЕРСИИ |
| контрольное поле |
20230302163934.0 |
| 010 ## - МЕЖДУНАРОДНЫЙ СТАНДАРТНЫЙ НОМЕР КНИГИ (ISBN) |
| Номер (ISBN) |
978-5-907538-56-6 |
| Тираж |
500 |
| 021 ## - НОМЕР ГОСУДАРСТВЕННОЙ РЕГИСТРАЦИИ |
| Код страны |
Российская Федерация |
| Номер |
КН-П-22-087220 |
| Номер Листа государственной регистраци |
КН-П-22-7730 |
| 035 ## - ДРУГИЕ СИСТЕМНЫЕ НОМЕРА |
| Идентификатор записи |
(NLR Aleph) 016251478 |
| 035 ## - ДРУГИЕ СИСТЕМНЫЕ НОМЕРА |
| Идентификатор записи |
(RuMoRGB)011454506 |
| 100 ## - ДАННЫЕ ОБЩЕЙ ОБРАБОТКИ |
| Данные общей обработки |
20221229d2022 k y0rusy50 ca |
| 101 0# - ЯЗЫК РЕСУРСА |
| Язык текста, звукозаписи и т.д. |
русский |
| 102 ## - СТРАНА ПУБЛИКАЦИИ ИЛИ ПРОИЗВОДСТВА |
| Страна публикации |
Российская Федерация |
| 105 ## - ПОЛЕ КОДИРОВАННЫХ ДАННЫХ: ТЕКСТОВЫЕ МАТЕРИАЛЫ, МОНОГРАФИЧЕСКИЕ |
| Кодированные данные о монографическом текстовом документе |
ac z 000zy |
| 181 #0 - ПОЛЕ КОДИРОВАННЫХ ДАННЫХ: ВИД СОДЕРЖАНИЯ |
| Код вида содержания (ISBD) |
i |
| Код характеристики содержания (ISBD) |
axxe |
| 182 #0 - ПОЛЕ КОДИРОВАННЫХ ДАННЫХ: ТИП СРЕДСТВА |
| Код типа средства (ISBD) |
n - непосредственное |
| 200 1# - ЗАГЛАВИЕ И СВЕДЕНИЯ ОБ ОТВЕТСТВЕННОСТИ |
| Основное заглавие |
Мультимодальные технологии в структуре арт-педагогики |
| Параллельное заглавие |
Multimodal technologies in the structure of art pedagogy |
| Сведения, относящиеся к заглавию |
монография |
| Первые сведения об ответственности |
А. Г. Чурашов |
| Последующие сведения об ответственности |
Южно-Уральский государственный гуманитарно-педагогический университет, Южно-Уральский научный центр Российской академии образования |
| Язык параллельного заглавия |
английский |
| 203 ## - ВИД СОДЕРЖАНИЯ И ТИП СРЕДСТВА |
| Вид содержания |
Текст |
| Дополнительные сведения об издании |
визуальный |
| Тип средства |
непосредственный |
| 210 ## - ПУБЛИКАЦИЯ, РАСПРОСТРАНЕНИЕ И ДР. |
| Место издания, распространения и т.д. |
Челябинск |
| Имя издателя, распространителя и т. д. |
Южно-Уральский научный центр РАО |
| Дата издания, распространения и т.д. |
2022 |
| 215 ## - ФИЗИЧЕСКАЯ ХАРАКТЕРИСТИКА |
| Специфическое обозначение материала и объем |
235 с. |
| Другие сведения о физической характеристике |
ил., цв. ил., портр. |
| Размеры |
20 |
| 320 ## - ПРИМЕЧАНИЯ О НАЛИЧИИ В ДОКУМЕНТЕ БИБЛИОГРАФИИ / УКАЗАТЕЛЯ |
| Текст примечания |
Библиогр.: с. 226-235 (70 назв.) |
| 330 ## - РЕЗЮМЕ ИЛИ РЕФЕРАТ |
| Текст примечания |
В монографии описаны методология и теоретические основы арт-педагогики. Описываются методические аспекты использования технологий, способствующих формированию и развитию творческой личности, а также компетенций в дополнение к основным методам и средствам обучения хореографии. Особое внимание уделено специфике интеграции полифункциональных мультимодальных технологий на основе хореографии. Издание предназначено научным работникам в области педагогики, преподавателям и студентам педагогических вузов, педагогам дополнительного образования, хореографам |
| 510 1# - ПАРАЛЛЕЛЬНОЕ ЗАГЛАВИЕ |
| Связь между полями |
z11790 |
| Параллельное заглавие |
Multimodal technologies in the structure of art pedagogy |
| Язык заглавия |
английский |
| 606 1# - НАИМЕНОВАНИЕ ТЕМЫ КАК ПРЕДМЕТ |
| Наименование темы |
Лица с ограниченными возможностями здоровья |
| Тематический подзаголовок |
Реабилитация педагогическая |
| Системный номер авторитетной/нормативной записи |
2368053 |
| Идентификатор авторитетной/нормативной записи |
RU\NLR\AUTH\6601635564 |
| 606 1# - НАИМЕНОВАНИЕ ТЕМЫ КАК ПРЕДМЕТ |
| Наименование темы |
Танец |
| Системный номер авторитетной/нормативной записи |
1077489 |
| Идентификатор авторитетной/нормативной записи |
RU\NLR\AUTH\66101897 |
| 686 1# - ИНДЕКСЫ ДРУГИХ КЛАССИФИКАЦИЙ |
| Индекс |
Ч30в2 |
| 686 1# - ИНДЕКСЫ ДРУГИХ КЛАССИФИКАЦИЙ |
| Индекс |
Щ32 |
| 700 #1 - ИМЯ ЛИЦА - ПЕРВИЧНАЯ ОТВЕТСТВЕННОСТЬ |
| Начальный элемент ввода |
Чурашов |
| Часть имени, кроме начального элемента ввода |
А. Г. |
| Дополнения к именам, кроме дат |
канд. пед. наук |
| Расширение инициалов личного имени |
Андрей Геннадьевич |
| Системный номер авторитетной/нормативной записи |
205710 |
| Идентификатор авторитетной/нормативной записи |
RU\NLR\AUTH\770205762 |
| 790 #1 - ИМЯ ЛИЦА - АЛЬТЕРНАТИВНАЯ ФОРМА |
| Связь между полями |
z11510 |
| Начальный элемент ввода |
Čurašov |
| Часть имени, кроме начального элемента ввода |
A. G. |
| Расширение инициалов личного имени |
Andrej Gennad'evič |
| 942 ## - ДОПОЛНИТЕЛЬНЫЕ ЭЛЕМЕНТЫ ЗАПИСИ (АБИС) |
| Тип экземпляра АБИС |
Книга |
| 980 ## - КОЛЛЕКЦИЯ |
| Название коллекции |
Национальная библиография |